00581 a2200193 4500502002300000653002600023100002300049300001600072245009000088650001700178650000900195650001400204130000700218710009400225041000700319041000700326653004400333651001000377 aThèse d'exercice1 aSciences agronomiques aAlidou, Aïchatou aXVII-110 p. aFormes et fréquences de la consommation du pain industriel dans la ville de Cotonou aCONSOMMATION aPAIN aINDUSTRIE lFr aAbomey-Calavi, Université nationale du Bénin, Faculté des Sciences Agronomiques, BJ bFr bEn 1aNutrition et sciences agro-alimentaires aBENIN